Historia de un sueño importado : ensayos sobre el cine en Santo Domingo /

Obra que recupera ochenta y un años de historia (1900-1981) del cine en la República Dominicana, donde el autor analiza a este séptimo arte como espectáculo, como medio de expresión y como parte de la cultura.

Uloženo v:
Podrobná bibliografie
Hlavní autor: Sáez, José Luis (autor)
Médium: Kniha
Jazyk:španělština
Vydáno: Santo Domingo, República Dominicana : Siboney, 1982, c1982
Edice:(Contemporáneos ; 5)
Témata:
Tagy: Přidat tag
Žádné tagy, Buďte první, kdo vytvoří štítek k tomuto záznamu!

MARC

LEADER 00000nam^a2200000^a^4500
001 000271499
005 20250521000000.0
009 20260310111029.095
037 |a Acervo Xavier Clavigero 
041 |a ESP 
082 |a 302. 235097293  |b SAE 
100 |a Sáez, José Luis  |e (autor) 
245 1 0 |a Historia de un sueño importado :  |b ensayos sobre el cine en Santo Domingo /  |c J.L. Sáez. 
264 4 |a Santo Domingo, República Dominicana :  |b Siboney,  |c 1982, c1982 
336 |a texto  |b txt  |2 rdacontenido 
337 |a sin mediación  |b n  |2 rdamedio 
338 |a volumen  |b nc  |2 rdasoporte 
440 1 |a (Contemporáneos ;  |v 5) 
520 |a Obra que recupera ochenta y un años de historia (1900-1981) del cine en la República Dominicana, donde el autor analiza a este séptimo arte como espectáculo, como medio de expresión y como parte de la cultura. 
649 |a XX 
650 |a Cine Dominicano -  |x Historia y Crítica -  |x Tema Principal 
650 |a Cine Dominicano -  |y Siglo XX 
650 |a Medios Audiovisuales -  |z República Domincana 
650 |a Medios de Comunicación -  |z República Domincana 
650 |a Comunicación Visual -  |z República Domincana 
650 |a Comunicación Masiva -  |z República Domincana 
910 |a Fondo General 
920 |a Impresos - Libros 
930 |a Colección General 
905 |a 101 
901 |a 0500157696  |b IT1  |c ACC  |u 20250521 
902 |a https://opac.biblio.iteso.mx/vufind/Record/000271499